000 00440nam a2200181Ia 4500
001 38956
008 140423s9999 xx 000 0 und d
020 _a969503425x
040 _cPK-LaUMT
082 _a 297.4
_bMUM-T
100 _aMumtaz Mufti
245 _aTalaash (Urdu)
_cMumtaz Mufti
260 _aLahore,Pakistan:
_bAl-Faisal Publisher and Traders,
_c2006
300 _a272 p.
546 _aEN
650 _aTasawaf
942 _cBK
999 _c38271
_d38271